Estatísticas para Os Maias

Clique aqui para jogar o quiz

Estatísticas Gerais

  • Esse quiz foi jogado 54 vezes
  • A pontuação média é 11 de 15

Estatísticas das Respostas

HintResposta% Correto
Quem escreveu os Maias?Eça de Queiroz
93%
Quem são os protagonistas?Carlos da Maia e Maria Eduarda
88%
Qual o nome da casa onde se passa a história?O Ramalhete
83%
De que século é a obra?Século XIX
80%
Como se chamam os netos do dono da casa?Carlos Eduardo e Maria Eduarda
78%
Como se chama o filho do dono da casa?Pedro da Maia
78%
Como se chamava o dono da casa?Afonso da Maia
75%
Para que país fogem o príncipe e a protagonista?Itália
75%
Quem leva consigo a protagonista quando foge?Maria Eduarda
75%
Onde é que o protagonista comete o seu suicídio?No Ramalhete
75%
Como se chama a mulher por quem se apaixona o filho do dono da casa?Maria Monforte
70%
Onde se passa a ação da história?Lisboa
68%
Qual a relação entre os dois protagonistas?Irmãos
65%
Com que fica Carlos quando o pai morre?Avô
60%
Como se chama o príncipe por quem se apaixona a mulher do filho do dono da casa?Tancredo
58%

Distribuição das Pontuações

Percentil de Números Respondidos

Porcentagem de Pessoas com Cada Pontuação

Sua Pontuação Histórica

Você não jogou esse quiz